000 00486nam a2200181Ia 4500
003 GCL
008 140319s9999 xx 000 0 ara d
040 _aGCL /
_cGCL
082 0 4 _aط
_b813.087
_bا س
100 1 _aاحمد مصطفى احمد
245 1 0 _aسندباد الصحراء /
_cاحمد مصطفى احمد
490 _a100 قصة
_v0
650 0 4 _aالاطفال
650 0 4 _aالقصص
650 0 4 _aقصص الاطفال
650 0 4 _aالطفل
942 _2ddc
_cBK
999 _c44564
_d44564